header

Using Internet primary sources to teach critical thinking skills in history (Record no. 1552)

MARC details
000 -LEADER
fixed length control field 01761nam a2200373 a 4500
082 04 - DEWEY DECIMAL CLASSIFICATION NUMBER
Classification number 907.1/273
100 1# - MAIN ENTRY--AUTHOR NAME
Personal name Craver, Kathleen W.
245 10 - TITLE STATEMENT
Title Using Internet primary sources to teach critical thinking skills in history
260 ## - PUBLICATION, DISTRIBUTION, ETC. (IMPRINT)
Place of publication Westport, Conn. :
Name of publisher Greenwood Press,
Year of publication 1999.
300 ## - PHYSICAL DESCRIPTION
Number of Pages xx, 257 p.
490 1# - SERIES STATEMENT
Series statement Greenwood professional guides in school librarianship,
650 #0 - SUBJECT ADDED ENTRY--TOPICAL TERM
Topical Term History
Topical Term Critical thinking
Topical Term Electronic information resource literacy
Topical Term History
Topical Term High school libraries
Topical Term Junior high school libraries
856 40 - ELECTRONIC LOCATION AND ACCESS
Uniform Resource Identifier http://site.ebrary.com/lib/rucke/Doc?id=5005126

No items available.

© 2026 Rongo University
Contact us: librarian | system librarian | Rongo university